[Event "DEN-ch"]
[Site "Horsens"]
[Date "2003.04.14"]
[Round "3"]
[White "Schandorff, Lars"]
[Black "Nielsen, Peter Heine"]
[Result "1/2-1/2"]
[WhiteElo "2563"]
[BlackElo "2625"]
[Annotator "Huzman"]
[PlyCount "49"]
[EventDate "2003.04.12"]
[EventType "tourn"]
[EventRounds "9"]
[EventCountry "DEN"]
[EventCategory "10"]
[Source "ChessBase"]
[SourceDate "2003.07.25"]

1. d4 d5 2. c4 c6 3. Nf3 Nf6 4. Qc2 dxc4 5. Qxc4 Bg4 6. Ne5 (6. Nbd2 Nbd7 7. h3
Bh5 8. g3 e6 9. Bg2 Be7 10. O-O O-O 11. Qb3 Qb6 12. Nc4 Qa6 13. Re1 Rfd8 14.
Bf4 Nd5 15. Bd2 c5 16. e4 N5b6 17. Na5 Rac8 18. Bf1 c4 19. Qe3 Bxf3 20. Qxf3
Ne5 21. dxe5 Rxd2 22. Qc3 Rd3 23. Bxd3 cxd3 {0-1 Gritsak,O-Bareev,E/Warsaw
2002/CB03 (23)}) 6... Be6 7. Qd3 (7. Qb4 Nd5 $1 8. Qxb7 $140 Nb6 $17) 7... Nbd7
8. Nxd7 Qxd7 (8... Bxd7 9. Nc3 Qb6 (9... e6 10. e4 c5 11. d5 exd5 12. exd5 Bd6
13. Bg5 O-O 14. Be2 Re8 15. O-O Qe7 16. Bh4 Be5 17. Bf3 Qd6 $15 {0-1 Benes,
P-Weglarz,L/Litomysl 1995/EXT 98 (43)}) (9... g6 10. g3 Bg7 11. Bg2 O-O 12. O-O
Re8 13. Rd1 Qa5 14. h3 Rad8 15. Bd2 Qc7 16. Rac1 e5 17. d5 e4 18. Qc2 cxd5 19.
Bg5 Qe5 20. Bxf6 Qxf6 21. Nxd5 Qxb2 22. Qxb2 Bxb2 23. Rb1 Ba4 24. Ne7+ Kf8 25.
Rxd8 Rxd8 26. Rxb2 Kxe7 27. Rxb7+ Rd7 28. Bxe4 $16 {1-0 Birjukov,S-Medvedkov,A/
Moscow 1997/EXT 2000 (45)}) 10. Bd2 e5 11. dxe5 Ng4 12. Qg3 O-O-O 13. h3 Be6
14. Rd1 Qxb2 15. hxg4 Bb4 16. Rh3 Rd4 17. Qe3 Rhd8 $44 {0-1 Pytlakowski,
A-Smyslov,V/Helsinki 1952/MCD (26)}) 9. e4 {Seizing the centre but providing
Black with a 2 Bs advantage.} (9. Nc3 Rd8 10. e3 Bf5 11. e4 Bg6 12. Be3 e5 13.
dxe5 Qxd3 14. Bxd3 Ng4 $17) 9... Rd8 10. Be3 Ng4 11. Nc3 Nxe3 12. fxe3 Qc7 (
12... g6 13. Be2 Bg7 (13... Bh6 $5) 14. O-O O-O 15. Rad1 c5 16. e5) 13. Be2 g6
14. O-O Bg7 15. Qc2 Bh6 (15... O-O $5) 16. Rf3 Bg4 17. Rg3 Bxe2 18. Qxe2 (18.
Nxe2 e5 19. d5 Qb6 20. Qc3 O-O $15 {[%csl Re2]}) 18... e5 19. d5 O-O 20. Rf1
Qb6 21. Rh3 Bg7 22. g4 Qb4 {/\23...cd} (22... cxd5 23. Nxd5 Qe6 24. Qg2 $36 {
[%csl Gd5]}) 23. a3 Qe7 24. Rhf3 Bh6 25. Kh1 {Neither of the opponents can
possibly improve his position. That's why a draw agreement, premature as it
may look, is in fact quite logical.} 1/2-1/2

[Event "DEN-ch"]
[Site "Horsens"]
[Date "2003.04.16"]
[Round "5"]
[White "Schandorff, Lars"]
[Black "Hansen, Sune Berg"]
[Result "1/2-1/2"]
[WhiteElo "2563"]
[BlackElo "2537"]
[PlyCount "133"]
[EventDate "2003.04.12"]
[EventType "tourn"]
[EventRounds "9"]
[EventCountry "DEN"]
[EventCategory "10"]
[Source "ChessBase"]
[SourceDate "2003.07.25"]

1. d4 d5 2. c4 c6 3. Nc3 Nf6 4. e3 a6 5. Qc2 e6 6. Nf3 c5 7. cxd5 exd5 8. Be2
Nc6 9. Ne5 Qc7 10. Nxc6 Qxc6 11. dxc5 Bxc5 12. O-O Ba7 13. Qa4 Qxa4 14. Nxa4
Bg4 15. Bxg4 Nxg4 16. Nc3 O-O-O 17. Ne2 Ne5 18. Bd2 Nc6 19. Rac1 Kb8 20. Rfd1
d4 21. exd4 Nxd4 22. Nxd4 Rxd4 23. Bc3 Rg4 24. Rd7 f6 25. Ba5 Ka8 26. Rcc7 Rf4
27. Be1 Re8 28. Re7 Rxe7 29. Rxe7 Bd4 30. Rxg7 Re4 31. Kf1 Rh4 32. b3 Rxh2 33.
Rd7 Rh1+ 34. Ke2 Be5 35. Bd2 Kb8 36. f4 Ba1 37. Be3 Kc8 38. Rf7 Rb1 39. Kd3
Rd1+ 40. Ke4 Rd7 41. Rxd7 Kxd7 42. g4 Ke6 43. f5+ Kd6 44. Bf4+ Kc6 45. Bh6 Bb2
46. Bg7 Kd6 47. a4 Ke7 48. Bh6 Kd6 49. Bf8+ Kc6 50. Bg7 Kd6 51. Bf8+ Kc6 52.
Bg7 Kd6 53. b4 b5 54. a5 Bc3 55. Bf8+ Kc6 56. Bc5 Bd2 57. Be7 Bg5 58. Kd4 Bh4
59. Ke4 Bg5 60. Bc5 Bd2 61. Bf8 Bg5 62. Be7 Kd7 63. Bc5 Kc6 64. Bd4 Kd6 65. Bc3
Kc6 66. Be1 Kd6 67. Bc3 1/2-1/2

[Event "DEN-ch"]
[Site "Horsens"]
[Date "2003.04.12"]
[Round "1"]
[White "Schandorff, Lars"]
[Black "Fries Nielsen, Jens Ove"]
[Result "1-0"]
[WhiteElo "2563"]
[BlackElo "2448"]
[Annotator "Ribli"]
[PlyCount "87"]
[EventDate "2003.04.12"]
[EventType "tourn"]
[EventRounds "9"]
[EventCountry "DEN"]
[EventCategory "10"]
[Source "ChessBase"]
[SourceDate "2003.07.25"]

1. Nf3 Nf6 2. c4 e6 3. Nc3 Bb4 4. Qc2 {Dieser Damenzug ist die populre
Fortsetzung, aber die extravagante Fortsetzung 4.g4 wird auch gern gespielt.}
c5 (4... O-O 5. a3 Bxc3 6. Qxc3) 5. a3 Ba5 6. g3 Nc6 7. Bg2 O-O 8. O-O a6 {
Nach meiner persnlichen Meinung ist dieser Zug eigentlich ein Tempoverlust.
Die Alternative 8...d6 scheint mir logischer.} (8... d6) 9. d3 {Das ist eine
ruhige Fortsetzung, aber 9.Rd1 mit der Idee 10.d4 ist strker.} (9. Rd1 $5 Qe7
(9... Nd4 10. Nxd4 cxd4 11. Ne4 Ne8 12. b4 Bb6 13. Bb2 d6 14. c5 dxc5 15. Nxc5
{1-0 Furman,S-Kuindzhi,A/Tbilisi 1973/MCD (28)}) 10. d4 cxd4 11. Nxd4 Nxd4 12.
Rxd4 h6 (12... Rb8 13. b4 Bc7 14. Bb2 b5 15. cxb5 axb5 16. Rh4 Be5 17. Ne4 {
1-0 Polugaevsky,L-Csom,I/URS 1968/MCD (17)}) 13. b4 Bc7 14. Be3 d6 15. Rad1 Rd8
16. h3 Rb8 17. g4 Ne8 18. Ne4 b6 19. g5 {1-0 Shulman,Y-Grant,A/Port Erin 2002/
CBM 90 ext (28)}) 9... h6 {Dieser Zug ist gegen Bg5 gerichtet.} (9... Rb8 10.
Rd1 d6 11. Ne4 Nxe4 12. dxe4 Qe7 13. Rb1 e5 14. Qd3 Rd8 15. Nh4 g6 16. Bh6 b5
17. b3 Be6 {1/2-1/2 Winants,L-Hauchard,A/Ostende 1991/CBM 26 ext (47)}) 10. Rb1
Rb8 11. Na2 {[%cal Gb2b4] Wei bereitet 12.b4 vor - der schwarze
dunkelfarbige Lufer steht schlecht.} Bc7 12. b4 cxb4 13. Nxb4 (13. axb4 b5
$14) 13... b6 (13... Nxb4 14. axb4 $14) 14. Nxc6 dxc6 15. d4 $14 {[%csl Gc4,
Gd4] Wei hat eine starke Zentrumstellung und spter kann er auch e2-e4
ziehen.} Nd7 (15... c5 16. dxc5 (16. Rd1 Bb7 17. dxc5) 16... bxc5 17. Rxb8 Bxb8
18. Bb2 $14) 16. Bb2 Bb7 (16... c5 17. d5 $16) 17. Rfd1 (17. e4 $14) 17... Re8
(17... Qe7 $14) 18. a4 Rc8 (18... Qe7 19. c5 bxc5 20. Ba3 $14) 19. c5 {[%csl
Rb7,Gc5] Nach diesem Zug hat Wei fhlbaren Druck am Damenflgel und der
b7B steht sehr passiv.} b5 20. axb5 axb5 (20... cxb5 21. e4 $36) 21. Ra1 {
[%cal Ga1a7]} Ra8 22. Rxa8 Qxa8 (22... Bxa8 23. Ne1 $16) 23. Ra1 Qc8 24. Ne1 $1
{[%cal Ge1d3] Wei ffnet die Diagonale des g2-Lufers und der Springer
zielt auf das d3-Feld.} Nb8 (24... e5 25. d5 $16 {[%csl Gc5,Gd5]}) 25. Nd3 {
[%csl Gc5,Gd3,Gg2] Wei hat Raumvorteil und aktives Figurenspiel.} Na6 26. Qc3
{[%cal Rd4d5,Rb2g7] Es droht jetzt 27.d5 mit berlegener Stellung.} f6 27. Qb3
{[%cal Gb3g8]} Bb8 28. Bh3 {[%cal Gh3c8,Gb3g8]} Qd7 29. e4 $16 Qf7 30. f4 {
[%csl Gc5,Gd4,Ge4,Gf4] Wei hat eine starke Bauernmasse im Zentrum, weil
Schwarz nur warten kann.} Kh8 31. Kg2 (31. f5 Qh5 32. Nf2 $16) 31... Bc8 32. f5
{[%cal Gb3f7,Gh3c8]} Qh5 (32... Nc7 33. Nf4 $16) 33. fxe6 (33. g4) 33... Qe2+
34. Nf2 Nc7 35. d5 cxd5 36. exd5 Nxd5 37. Qxd5 Qxb2 38. Re1 {[%csl Ge6][%cal
Ge1e6] Der e6P ist der Stolz der weien Stellung. Schwarz hat groe
Schwierigkeiten.} Be5 39. Bg4 {[%cal Gg4h5,Gh5e8]} h5 40. Bxh5 Bxe6 41. Qc6 Re7
42. Bg6 f5 $2 {Nach diesem optimistischen Zug befindet sich Schwarz pltzlich
in einer verlorenen Stellung.} (42... Qa2 $142 $1) 43. Qa8+ Bg8 44. Qd8 $18 {
[%csl Re7][%cal Rd8h4,Rh4h8]} 1-0

[Event "DEN-ch"]
[Site "Horsens"]
[Date "2003.04.19"]
[Round "8"]
[White "Schandorff, Lars"]
[Black "Hoi, Carsten"]
[Result "1-0"]
[WhiteElo "2563"]
[BlackElo "2406"]
[Annotator "Huzman"]
[PlyCount "73"]
[EventDate "2003.04.12"]
[EventType "tourn"]
[EventRounds "9"]
[EventCountry "DEN"]
[EventCategory "10"]
[Source "ChessBase"]
[SourceDate "2003.07.25"]

1. d4 d5 2. c4 dxc4 3. e3 Nf6 4. Bxc4 e6 5. Nf3 c5 6. O-O a6 7. a4 Nc6 8. Qe2
cxd4 9. Rd1 Be7 10. exd4 O-O 11. Nc3 Nb4 12. Ne5 Nbd5 13. Bg5 Nxc3 14. bxc3 Nd5
15. Bxe7 Qxe7 16. Qf3 (16. Qb2 Qc7 (16... Nf6 17. Rd3 Rd8 18. f4 Qc7 19. f5 Nd7
20. fxe6 Nxe5 21. dxe5 Bxe6 $15 {0-1 Meenakshi,S-Murali Krishnan,B/Calcutta
2001/CBM 82 (37)}) 17. Qb3 Rd8 18. Rd3 Bd7 19. Rf3 Be8 20. Bf1 f6 21. Nc4 b5
22. axb5 axb5 23. Rxa8 Rxa8 24. Na3 Qa5 25. Nxb5 Bxb5 26. Qxb5 Qxb5 27. Bxb5
Ra1+ 28. Bf1 Rc1 29. c4 Nc3 $11 {1/2-1/2 Vukic,M-Nemet,I/Umag 1972/MCD (45)}) (
16. Bxd5 exd5 17. Qf3 Rd8 18. Rab1 Qc7 19. Rb3 Be6 20. Rdb1 Rab8 21. h3 b6 22.
R1b2 a5 $11 {1/2-1/2 Radev,N-Velikov,P/Pamporovo 1981/MCD (30)}) 16... Qd6 17.
Bb3 {[%csl Rb7][%cal Gc3c5]} Rb8 18. a5 $1 Bd7 19. Bxd5 $5 {A rather creative
way of transforming one kind of a strategical advantage into another. White is
about to prove that in the given position Ne5 is clearly better than Bd7.} ({
White could have achieved a clear advantage by playing} 19. c4 Nf6 20. c5 Qc7
21. Bc4 $16) 19... exd5 20. c4 Bc6 $2 {This move crownsWhite's B-for-N
swapping idea with full success.} (20... dxc4 21. Nxc4 Qc6 $1 22. Qxc6 (22. Nb6
Qxf3 23. gxf3 Bh3 24. d5 Rbd8 25. d6 Rfe8 $132 {[%csl Rg1]}) 22... bxc6 23. Nb6
Rfd8 24. Rac1 Kf8 $14 {/+/-}) 21. c5 $16 {[%csl Rb7,Rd5]} Qd8 22. Re1 Bb5 (
22... Qh4 $142 23. Rad1 Rbe8) 23. Ng4 {[%csl Rd5][%cal Gg4e3]} Bc6 24. Ra3 $1
Re8 $2 (24... Qh4 $1) 25. Rxe8+ Qxe8 26. Re3 Qd8 27. Qf4 $1 f6 28. Rg3 Kh8 29.
h4 $1 Bd7 (29... h5 30. Nxf6 $1 $18) (29... Be8 30. Nxf6 $1 gxf6 31. Qg4 Bg6
32. h5 f5 33. Qf4 $18) (29... Qf8 30. h5 Re8 31. h6 Re4 32. hxg7+ Qxg7 33. Qf3
f5 34. Ne5 Qf8 35. Rg5 f4 36. Qg4 $18) 30. h5 $1 $18 {[%cal Gh5h6]} Bxg4 (30...
Qf8 31. h6 Bxg4 32. hxg7+ Kxg7 (32... Qxg7 33. Qxb8+ $18) 33. Qxg4+ Kh8 34. Qd7
$18) 31. Qxg4 Qe7 (31... Qc7 32. h6 g6 (32... gxh6 33. Qe6 Rf8 34. Qxd5 $18)
33. Qe6 $18) 32. Re3 $1 Qf7 33. Qe2 $1 Qd7 34. Re7 Qd8 (34... Qa4 35. h6 Rg8
36. hxg7+ (36. Qe6 Qd1+ 37. Kh2 Qh5+ 38. Qh3 Qg6 (38... Qxh6 39. Qxh6 gxh6 40.
Rxb7 $18) 39. hxg7+ Rxg7 40. Rxb7 $18) 36... Rxg7 37. Re8+ Rg8 38. Rxg8+ Kxg8
39. Qe6+ Kg7 40. Qxd5 Qxa5 41. Qxb7+ $18) 35. h6 gxh6 36. Qe6 Qf8 37. Rf7 1-0

[Event "DEN-ch"]
[Site "Horsens"]
[Date "2003.04.17"]
[Round "6"]
[White "Schandorff, Lars"]
[Black "Rasmussen, Karsten"]
[Result "1/2-1/2"]
[WhiteElo "2563"]
[BlackElo "2423"]
[PlyCount "43"]
[EventDate "2003.04.12"]
[EventType "tourn"]
[EventRounds "9"]
[EventCountry "DEN"]
[EventCategory "10"]
[Source "ChessBase"]
[SourceDate "2003.07.25"]

1. d4 Nf6 2. Nf3 d5 3. c4 e6 4. Nc3 dxc4 5. e4 Bb4 6. Bg5 c5 7. Bxc4 cxd4 8.
Nxd4 Bxc3+ 9. bxc3 Qa5 10. Nb5 Nxe4 11. Qd4 O-O 12. Qxe4 a6 13. Be7 axb5 14.
Bb4 Qc7 15. Bxf8 Kxf8 16. Bb3 Qxc3+ 17. Ke2 Qb2+ 18. Ke3 Qc3+ 19. Qd3 Qe5+ 20.
Qe4 Qc3+ 21. Ke2 Qb2+ 22. Ke3 1/2-1/2